000 00239nmm a2200085Ia 4500
008 220120s9999||||xx |||||||||||||||||und||
100 _aDIGIT-OCT-2009
245 0 _aQimo for kids, video lecturers, video tutorials, 3dsmax, pic
260 _c2005
999 _c139412
_d139412